000 00549nmm a2200169Ia 4500
008 251105s9999||||xx |||||||||||||||||und||
020 _a9786316503107
041 _aspa
100 _aGrosos, Phillipe
245 0 _aLo reversible y lo irreversible :
_b Ensayo sobre la reversibilidad de las situaciones de existencia
264 _a[Buenos Aires, Argentina] :
_bEditorial Sb,
_c2023
300 _a129 páginas
490 _aPost-Visión
650 _aPhilosophy, Ethics
856 _uhttps://public.digitaliapublishing.com/a/129952
942 _cCF
999 _c76084
_d76084